000
00177nam a22000857a 4500
003
SGT
100
_a
KATARIA BY UDIT AGARWAL
245
_a
DATA STRUCTURES USING C.
942
_2
ddc
_c
CD
999
_c
20075
_d
20075